000 00559nam a2200181Ia 4500
003 GCL
008 140319s9999 xx 000 0 ara d
040 _aGCL /
_cGCL
082 0 4 _a811.094
_bط ل
100 1 _aطارق مكاوى
245 1 0 _aلم يكن كافيا :
_bشعر /
_cطارق مكاوى
260 _aالاردن :
_bدار الينابيع للنشر والتوزيع ،
_c1997
300 _a64 ص ؛
_c24 سم
650 0 4 _aالشعر العربى
650 0 4 _aالشعر
650 0 4 _aالشعر العربى - مصر
942 _2ddc
_cBK
999 _c132
_d132